Steven Universe - Steven and the Crystal Gems - Lyrics Quiz - Statistics

General Stats
  • This quiz has been taken 9 times
  • The average score is 56 of 76
Answer Stats
Character Lyrics % Correct
An
100%
and
100%
and
100%
Crystal
100%
Crystal
100%
Gems
100%
Gems
100%
I
100%
I
100%
one,
100%
One!
100%
Steven
100%
Steven
100%
the
100%
the-
100%
the
100%
the
100%
the
100%
the
100%
die...
83%
don't
83%
don't
83%
Amethyst Four!
83%
go
83%
gonna
83%
like
83%
like
83%
not
83%
not
83%
on,
83%
other
83%
Pearl Three!
83%
time
83%
Garnet Two!
83%
We're
83%
we're
83%
Steven Universe We're
83%
Amethyst We're
83%
We're
83%
anybody!
67%
guys
67%
it
67%
make
67%
myself
67%
myself
67%
see
67%
smile
67%
to
67%
to
67%
you
67%
you
67%
accidentally
50%
alternate
50%
back
50%
be
50%
Steven Universe By
50%
By
50%
Steven Universe Can't
50%
Come
50%
created
50%
destroy
50%
eyes
50%
in
50%
in
50%
learned
50%
now,
50%
Or
50%
our
50%
shy
50%
stay
50%
timeline
50%
true
50%
watching
50%
way,
50%
you'll
50%
yourself
50%
No matching quizzes found
Score Distribution
Percent of People with Each Score
Percentile by Number Answered
Your Score History
You have not taken this quiz